La venganza de la geografía : (Registro nro. 58901)

Detalles MARC
000 -CABECERA
Longitud fija campo de control 01470nam a2200397Ic 4500
003 - • IDENTIFICADOR DELl NÚMERO DE CONTROL
Identificador del número de control CO-BoRNBP
005 - • FECHA Y HORA DE LA ÚLTIMA TRANSACCIÓN
Fecha y hora de la última transacción 20250829152714.0
007 - • CAMPO FIJO DE DESCRIPCIÓN FÍSICA
Campo fijo de descripción física ta
008 - • CÓDIGOS DE INFORMACIÓN DE LONGITUD FIJA
Códigos de información de longitud fija 210920s20172020sp er 000 0dspa d
020 ## - • NÚMERO INTERNACIONAL NORMALIZADO PARA LIBROS
Número Internacional Normalizado para Libros (ISBN) 9788490567906
040 ## - FUENTE DE LA CATALOGACIÓN
Centro catalogador de origen CO-BoRNBP
Lengua de catalogación spa
Normas de descripción rda
Centro transcriptor CO-BoRNBP
041 ## - • CÓDIGO DE LENGUA
Código de lengua del texto/banda sonora o título independiente spa
082 04 - • NÚMERO DE LA CLASIFICACIÓN DECIMAL DEWEY
Número de clasificación (R) 320.12
Número del ítem K16v
Número de edición 22
082 04 - • NÚMERO DE LA CLASIFICACIÓN DECIMAL DEWEY
Número de clasificación (R) 911
Número del ítem K16v
100 ## - • PUNTO DE ACCESO PRINCIPAL-NOMBRE DE PERSONA
Nombre de persona Kaplan, Robert D.,
Fechas asociadas al nombre 1952-
Término indicativo de función aut
245 13 - • TITULO PROPIAMENTE DICHO
Título La venganza de la geografía :
Resto del título la geografía marca el destino de las naciones /
Mención de responsabilidad, etc. Robert D. Kaplan ; traducción de Laura Martín de Dios.
250 ## - • MENCIÓN DE EDICIÓN
Mención de edición Primera edición
Resto de la mención de edición Segunda reimpresión
264 #1 - PRODUCCIÓN, PUBLICACIÓN , DISTRIBUCIÓN, FABRICACIÓN Y COPYRIGHT
Lugar de producción, publicación, distribución, fabricación Barcelona, España :
Nombre del productor, editor, distribuidor, fabricante RBA Libros,
Fecha de de producción, publicación, distribución, fabricación o copyright 2020
300 ## - • DESCRIPCIÓN FÍSICA
Extensión 478 páginas
336 ## - TIPO DE CONTENIDO
Término de tipo de contenido texto
Código de tipo de contenido txt
Fuente rdacontent
337 ## - TIPO DE MEDIO
Nombre del tipo de medio sin mediación
Código del tipo de medio n
Fuente rdamedia
338 ## - TIPO DE SOPORTE
Nombre del tipo de soporte volumen
Código del tipo de soporte nc
Fuente rdacarrier
500 ## - • NOTA GENERAL
Nota general Incluye índice analítico y de nombres
500 ## - • NOTA GENERAL
Nota general Incluye notas
504 ## - • NOTA DE BIBLIOGRAFÍA, ETC
Nota de bibliografía, etc. Bibliografía: páginas 427-461
505 1# - • NOTA DE CONTENIDO CON FORMATO
Nota de contenido con formato Visionarios -- El mapa de principios del siglo XXI -- El destino de Estados Unidos
521 ## - • NOTA DE PÚBLICO DESTINATARIO
Nota público destinatario (R ) Recomendado para un público adulto
534 ## - • Nota De Versión Original
Edition statement of original The revenge of geography
545 ## - DATOS BIOGRÁFICOS O HISTÓRICOS
Datos bigr´ficos o históricos Incluye datos biográficos del autor en la solapa
650 07 - • PUNTO DE ACCESO ADICIONAL DE MATERIA - TÉRMINO DE MATERIA
Término de materia o nombre geográfico como elemento inicial Geografía económica
Subdivisión cronológica Siglo XX
Fuente del encabezamiento o término lemb
650 07 - • PUNTO DE ACCESO ADICIONAL DE MATERIA - TÉRMINO DE MATERIA
Término de materia o nombre geográfico como elemento inicial Geopolítica
Subdivisión cronológica Siglo XX
Fuente del encabezamiento o término lemb
650 07 - • PUNTO DE ACCESO ADICIONAL DE MATERIA - TÉRMINO DE MATERIA
Término de materia o nombre geográfico como elemento inicial Geografia
Subdivisión de materia general Aspectos políticos
Subdivisión cronológica Siglo XX
Fuente del encabezamiento o término LEMB
700 ## - • PUNTO DE ACCESO ADICIONAL - NOMBRE DE PERSONA
Nombre de persona Martín de Dios, Laura
Término indicativo de función trl
942 ## - ENTRADA DE ELEMENTOS AGREGADOS (KOHA)
Fuente de clasificaión o esquema Dewey Decimal Classification
Koha [por defecto] tipo de item LIbro
Existencias
Perdido Fuente de clasificación o esquema Estado Físico No para préstamo Forma de adquisición Localización permanente Localización actual Localización en estanterías Fecha adquisición Préstamos totales Signatura completa Código de barras Fecha última consulta Número de copia Fecha del precio de reemplazo Tipo de item de Koha
  Dewey Decimal Classification     Colección General Biblioteca Pública Mapiripan - Jorge Eliecer Gaitán Biblioteca Pública Mapiripan - Jorge Eliecer Gaitán General 08/29/2025   320.12 K16v MPJG00654 08/29/2025 Ej.1 08/29/2025 LIbro









Instituto Departamental de Cultura del Meta - Red Departamental de Bibliotecas Públicas del Meta.